[Event "Azerbaijan Championship 2021"]
[Site "Nakhchivan"]
[Date "2021.05.04"]
[Round "1.1"]
[White "Sevdimaliyev, Urfan"]
[Black "Safarli, Eltaj"]
[Result "0-1"]
[WhiteElo "2369"]
[BlackElo "2598"]
[Annotator "TA"]
[PlyCount "86"]
[EventDate "2021.05.04"]
[EventType "tourn"]
[EventCountry "AZE"]
[SourceTitle "playchess.com"]
[Source "ChessBase"]
[SourceQuality "1"]

{[%evp 17,86,6,6,-20,-12,-27,-23,-21,-2,-11,-10,-59,-58,-60,-50,-61,-42,-44,0,-83,-42,-96,-88,-88,-88,-102,-89,-70,-62,-46,-62,-90,-97,-108,-111,-105,-97,-93,-100,-133,-107,-110,-111,-104,-110,-119,-113,-105,-108,-110,-119,-102,-93,-96,-64,-96,-78,-76,-69,-142,-112,-295,-293,-473,-476,-476,-475,-467,-472,-468,-452]} 1. d4 Nf6 2. Nf3 g6 3. Bg5 Bg7 4. Nbd2 O-O 5. c3 d6 6. e4 c5 7. dxc5 dxc5 8. Bc4 Nc6 9. O-O h6 10. Bh4 {A48: 1 d4 Nf6 2 Nf3 g6: Torre, London and Colle Systems.} Nh5 11. Re1 $1 Qc7 12. Qe2 {Black has an edge.} Na5 13. e5 Nxc4 14. Nxc4 Be6 {[#]} 15. Qe4 $146 ({Predecessor:} 15. a4 Rad8 16. b3 Nf4 17. Qe4 Nd5 18. Rac1 Bf5 19. Qe2 Nf4 20. Qe3 Nd3 21. Bg3 Nxe1 22. Rxe1 {1-0 (103) Popovic,D (2611)-Sebenik,M (2512) Chess.com INT 2017}) 15... Bf5 $1 {[%cal Rf5e4]} 16. Qe3 Rad8 17. Rad1 g5 18. Bg3 (18. Bxg5 $1 $11 {remains equal.} hxg5 19. Rxd8 Rxd8 20. Qxg5 {[%mdl 64] Double Attack}) 18... Qc6 19. Rd2 ({White should play} 19. Qe2 $15) 19... Be6 20. b3 b5 21. Nb2 Rxd2 22. Nxd2 Bd5 23. f3 c4 24. Bf2 {[#]} Nf4 $1 25. Qc5 Qxc5 26. Bxc5 cxb3 27. axb3 Rc8 28. Bb4 Be6 29. c4 Ng6 30. Bc3 a5 31. Bxa5 Bxe5 32. Nd3 Bd4+ 33. Kf1 bxc4 34. bxc4 Bf5 35. Ke2 Rc6 36. Nb4 Nf4+ 37. Kf1 {[#]} Rc8 $1 $36 {[%mdl 2048] White is under pressure.} 38. Rc1 (38. Rxe7 $15 Bc3 39. Ne4) 38... Bc5 {...Ra8 is the strong threat.} 39. Ra1 $2 {This move loses the game for White.} (39. g4 $17 Bg6 40. Nd5) 39... Ra8 $19 {Threatens to win with ...Bxb4.} 40. Nc6 (40. Ra3) 40... Bd3+ {Black is clearly winning.} 41. Ke1 Nxg2+ 42. Kd1 Ne3+ 43. Kc1 Nxc4 {Weighted Error Value: White=0.29/Black=0.06} 0-1

[Event "Azerbaijan Championship 2021"]
[Site "Nakhchivan"]
[Date "2021.05.04"]
[Round "1.2"]
[White "Abasov, Nijat"]
[Black "Suleymanli, Aydin"]
[Result "1/2-1/2"]
[WhiteElo "2665"]
[BlackElo "2520"]
[Annotator "TA"]
[PlyCount "80"]
[EventDate "2021.05.04"]
[EventType "tourn"]
[EventCountry "AZE"]
[SourceTitle "playchess.com"]
[Source "ChessBase"]
[SourceQuality "1"]

{[%evp 9,80,-4,9,12,21,29,14,32,35,39,25,-8,39,-15,-10,2,0,-1,26,-27,-18,-11,-15,-27,-19,-16,-20,-11,-16,-45,0,-9,0,0,0,0,0,-14,-4,-41,-39,-54,-56,-52,33,-41,-16,-20,0,0,0,0,0,0,0,0,12,0,0,0,0,0,0,0,0,0,0,0,0,0,0,0,0]} 1. e4 c6 2. Nf3 d5 3. d3 dxe4 4. dxe4 Qxd1+ 5. Kxd1 g6 6. Ne1 {B10: Caro-Kann: 2 d3 and 2 c4.} Bg7 7. Nd3 Nh6 {[#]} 8. a4 $146 ({Predecessor:} 8. f3 f5 9. Nc3 O-O 10. Bd2 Nd7 11. a4 Nb6 12. Nf2 Be6 13. a5 Nc4 14. Bxc4 Bxc4 {1-0 (57) Gavrilescu,D (2476)-Suleymanli,A (2512) Chess.com INT 2021}) 8... O-O 9. a5 Na6 10. Nd2 f5 11. e5 (11. f3 $14) 11... Ng4 12. Nf3 Rd8 {[#] aiming for ...Nxf2+.} 13. Ke1 c5 14. Bd2 (14. c3 $142) 14... c4 $11 15. Nf4 Nxe5 16. Nxe5 Bxe5 17. Bxc4+ Kg7 {Threatens to win with ...Rxd2!} 18. Nd3 Bf6 19. f4 Nc7 {[%cal Ba6c7,Bc7e6,Be6c5][%mdl 32]} 20. Ke2 Rd4 21. Bb3 Be6 22. Bxe6 {[#] Ba2 is the strong threat.} Nxe6 23. Be3 Re4 {And now ...Bd4 would win.} 24. Rhe1 Bd4 25. Kd2 Rd8 26. g3 Nc5 (26... Rd5 $15) 27. Ra3 (27. Bxd4+ $14 Rdxd4 28. Rxe4 Nxe4+ 29. Ke3) 27... Kf7 (27... Kf6 {keeps more tension.} 28. Bxd4+ Rdxd4 29. Rd1 Rd7 30. Kc1 Red4) 28. Bxd4 {The position is equal.} Rexd4 29. Re5 Nxd3 30. Rxd3 Rxd3+ 31. cxd3 {[%mdl 4096] Endgame KR-KR} b6 32. b4 Rd6 33. Ke3 Ke8 34. axb6 Rxb6 35. b5 a6 36. bxa6 Rxa6 37. Rb5 Ra2 38. h4 Rg2 39. Kf3 Rd2 40. Ke3 Rg2 {Weighted Error Value: White=0.14/Black=0.11} 1/2-1/2

[Event "Azerbaijan Championship 2021"]
[Site "Nakhchivan"]
[Date "2021.05.04"]
[Round "1.3"]
[White "Asadli, Vugar"]
[Black "Mamedov, Nidjat"]
[Result "1/2-1/2"]
[WhiteElo "2572"]
[BlackElo "2609"]
[Annotator "TA"]
[PlyCount "84"]
[EventDate "2021.05.04"]
[EventType "tourn"]
[EventCountry "AZE"]
[SourceTitle "playchess.com"]
[Source "ChessBase"]
[SourceQuality "1"]

{[%evp 14,84,0,0,0,0,14,0,0,0,10,19,15,21,14,11,20,13,21,0,28,0,30,5,38,45,53,20,17,18,17,17,17,17,17,0,37,37,37,37,37,37,37,37,37,37,37,33,33,36,36,20,20,20,20,20,20,20,43,43,43,43,44,0,0,0,0,0,0,0,0,0,0]} 1. e4 e5 2. Nf3 Nf6 3. d4 Nxe4 4. Bd3 d5 5. Nxe5 Nd7 6. Nc3 Nxc3 7. bxc3 Nxe5 8. dxe5 Bc5 {C43: Petroff Defence: 3 d4.} 9. O-O $1 {9.0-0 is better than 9.Qh5.} O-O 10. Qh5 {[%csl Gd3][%cal Rh5h7] [#]} g6 $1 {[%cal Rg6h5]} 11. Qh6 Re8 (11... Be7 {with more complications.} 12. Be3 Re8 13. Qf4 c5 14. c4 d4) 12. Bg5 Be7 13. Bxe7 Qxe7 14. f4 Qf8 15. Qh4 Qe7 16. Qh6 Qf8 17. Qh4 Qe7 18. Qg3 Bd7 19. Rae1 Kh8 {[#]} 20. h3 $146 ({Predecessor:} 20. f5 gxf5 21. Bxf5 Rg8 22. Qh3 Bxf5 23. Rxf5 Rg7 24. Ref1 Rag8 25. Kh1 Qe6 26. Qf3 c6 27. Rf2 a5 28. h3 {½-½ (71) Lorenzo de la Riva,L (2422)-Laxman,R (2422) Barcelona 2012}) 20... f5 21. exf6 Qxf6 22. Rxe8+ Rxe8 ({But not} 22... Bxe8 $6 23. f5 $16) 23. f5 {[%cal Rf5g6]} Bxf5 ({Don't go for} 23... Qxc3 $2 24. fxg6 Be6 25. Qh4 $16 (25. gxh7 Qd4+ 26. Kh2 Qg7 $18)) 24. Qxc7 Qb6+ (24... Qe5 {keeps more tension.} 25. Qxb7 Bxh3 26. Qxa7 Bxg2 27. Kxg2 Qg5+) 25. Qxb6 axb6 26. Bxf5 gxf5 27. Rxf5 $14 {[%mdl 4096] Endgame KR-KR} Ra8 28. Rxd5 Rxa2 29. Rd2 Ra3 30. c4 Rc3 31. Kf2 Rxc4 32. Ke2 Rc3 33. Kd1 Rg3 34. Rd8+ Kg7 35. Rd7+ Kg6 36. Rxb7 Rxg2 37. Rxb6+ Kg5 38. Kc1 h5 {The position is equal.} 39. Rb3 h4 40. c4 Rg3 41. Kc2 Kf4 42. c5 {[#] Black must now prevent Rb4+.} Ke5 {Weighted Error Value: White=0.05/Black=0.04} 1/2-1/2

[Event "Azerbaijan Championship 2021"]
[Site "Nakhchivan"]
[Date "2021.05.04"]
[Round "1.4"]
[White "Iskandarov, Misratdin"]
[Black "Gadimbayli, Abdulla"]
[Result "1/2-1/2"]
[WhiteElo "2535"]
[BlackElo "2470"]
[Annotator "ChessBase"]
[PlyCount "120"]
[EventDate "2021.05.04"]
[EventType "tourn"]
[EventCountry "AZE"]
[SourceTitle "playchess.com"]
[Source "ChessBase"]
[SourceQuality "1"]
[TimeControl "40/5400+30:1800+30"]

1. d4 {[%emt 0:00:00]} Nf6 {[%emt 0:01:02]} 2. c4 {[%emt 0:00:00]} e6 {[%emt 0:00:19]} 3. g3 {[%emt 0:00:00]} d5 {[%emt 0:04:59]} 4. Nf3 {[%emt 0:00:04]} Bb4+ {[%emt 0:16:10]} 5. Bd2 {[%emt 0:00:34]} Be7 {[%emt 0:02:32]} 6. Bg2 {[%emt 0:00:10]} O-O {[%emt 0:01:20]} 7. O-O {[%emt 0:00:17]} c6 {[%emt 0:07:37]} 8. Qc2 {[%emt 0:00:23]} b6 {[%emt 0:02:58]} 9. b3 {[%emt 0:04:59]} Bb7 {[%emt 0:01:51]} 10. Nc3 {[%emt 0:00:43]} Nbd7 {[%emt 0:10:21]} 11. e4 {[%emt 0:05:46]} dxe4 {[%emt 0:04:13]} 12. Nxe4 {[%emt 0:00:07]} c5 {[%emt 0:01:41]} 13. Nxf6+ {[%emt 0:06:06]} Bxf6 {[%emt 0:02:27]} 14. Ng5 {[%emt 0:11:20]} Bxg5 {[%emt 0:00:12]} 15. Bxb7 {[%emt 0:00:08]} Rb8 {[%emt 0:02:05]} 16. Bxg5 {[%emt 0:00:22]} Qxg5 {[%emt 0:00:05]} 17. Bc6 {[%emt 0:00:06]} Rfd8 {[%emt 0:05:22]} 18. Rad1 {[%emt 0:05:54]} Nf6 {[%emt 0:04:42]} 19. dxc5 {[%emt 0:12:05]} Qxc5 {[%emt 0:00:47]} 20. Bf3 {[%emt 0:00:09]} b5 {[%emt 0:11:41]} 21. Rxd8+ {[%emt 0:02:57]} Rxd8 {[%emt 0:00:06]} 22. Rd1 {[%emt 0:00:09]} Rxd1+ {[%emt 0:04:24]} 23. Qxd1 {[%emt 0:02:38]} bxc4 {[%emt 0:00:17]} 24. bxc4 {[%emt 0:00:10]} g6 {[%emt 0:03:37]} 25. Qa4 {[%emt 0:09:35]} Kf8 {[%emt 0:01:26]} 26. Qb5 {[%emt 0:01:37]} Qxb5 {[%emt 0:02:59]} 27. cxb5 {[%emt 0:00:10]} Ke7 {[%emt 0:01:13]} 28. a4 {[%emt 0:03:43]} Nd5 {[%emt 0:03:28]} 29. a5 {[%emt 0:19:02]} Kd6 {[%emt 0:00:06]} 30. Kg2 {[%emt 0:05:39]} Kc5 {[%emt 0:00:54]} 31. b6 {[%emt 0:00:42]} axb6 {[%emt 0:00:35]} 32. axb6 {[%emt 0:00:07]} Nxb6 {[%emt 0:00:20]} 33. h4 {[%emt 0:00:07]} h6 {[%emt 0:02:24]} 34. Bd1 {[%emt 0:00:43]} Kd4 {[%emt 0:00:08]} 35. Bf3 {[%emt 0:00:48]} Nd5 {[%emt 0:00:28]} 36. Be2 {[%emt 0:00:19]} e5 {[%emt 0:01:47]} 37. Bb5 {[%emt 0:00:12]} f5 {[%emt 0:00:55]} 38. Be8 {[%emt 0:01:37]} g5 {[%emt 0:00:06]} 39. hxg5 {[%emt 0:00:04]} hxg5 {[%emt 0:00:02]} 40. Bd7 {[%emt 0:00:00]} f4 {[%emt 0:00:00]} 41. gxf4 {[%emt 0:01:45]} gxf4 {[%emt 0:00:55]} 42. Bc6 {[%emt 0:01:17]} Nb4 {[%emt 0:04:58]} 43. Bb5 {[%emt 0:00:50]} Nd3 {[%emt 0:01:09]} 44. Ba6 {[%emt 0:00:19]} e4 {[%emt 0:04:40]} 45. Bb5 {[%emt 0:01:48]} Kc3 {[%emt 0:02:31]} 46. Bc6 {[%emt 0:03:33]} Kd4 {[%emt 0:00:34]} 47. Bb5 {[%emt 0:00:17]} Ne1+ {[%emt 0:00:05]} 48. Kf1 {[%emt 0:00:48]} Nf3 {[%emt 0:00:05]} 49. Kg2 {[%emt 0:00:31]} Ng5 {[%emt 0:00:06]} 50. Bc6 {[%emt 0:00:25]} Kd3 {[%emt 0:00:16]} 51. Bb5+ {[%emt 0:02:19]} Kd2 {[%emt 0:00:29]} 52. Bc6 {[%emt 0:00:36]} Ke2 {[%emt 0:03:42]} 53. Bb5+ {[%emt 0:00:12]} Ke1 {[%emt 0:00:19]} 54. Bc6 {[%emt 0:00:39]} Ke2 {[%emt 0:05:17]} 55. Bb5+ {[%emt 0:00:12]} Kd2 {[%emt 0:00:04]} 56. Bc6 {[%emt 0:00:10]} e3 {[%emt 0:00:02]} 57. fxe3 {[%emt 0:00:12]} fxe3 {[%emt 0:00:05]} 58. Bb5 {[%emt 0:00:06]} Ne6 {[%emt 0:00:03]} 59. Kg3 {[%emt 0:01:54]} Nc5 {[%emt 0:02:40]} 60. Bf1 {[%emt 0:00:13]} e2 {[%emt 0:01:51]} 1/2-1/2

[Event "Azerbaijan Championship 2021"]
[Site "Nakhchivan"]
[Date "2021.05.04"]
[Round "1.5"]
[White "Abbasov, Farid"]
[Black "Muradli, Mahammad"]
[Result "1/2-1/2"]
[WhiteElo "2528"]
[BlackElo "2449"]
[Annotator "ChessBase"]
[PlyCount "99"]
[EventDate "2021.05.04"]
[EventType "tourn"]
[EventCountry "AZE"]
[SourceTitle "playchess.com"]
[Source "ChessBase"]
[SourceQuality "1"]
[TimeControl "40/5400+30:1800+30"]

1. d4 {[%emt 0:00:00]} Nf6 {[%emt 0:00:00]} 2. c4 {[%emt 0:00:00]} e6 {[%emt 0:00:02]} 3. Nf3 {[%emt 0:00:33]} d5 {[%emt 0:00:07]} 4. g3 {[%emt 0:01:54]} dxc4 {[%emt 0:00:08]} 5. Bg2 {[%emt 0:00:03]} Bb4+ {[%emt 0:00:08]} 6. Bd2 {[%emt 0:00:05]} a5 {[%emt 0:00:08]} 7. Qc2 {[%emt 0:00:18]} Bxd2+ {[%emt 0:00:07]} 8. Qxd2 {[%emt 0:04:00]} c6 {[%emt 0:06:19]} 9. a4 {[%emt 0:09:54]} Ne4 {[%emt 0:00:52]} 10. Qc2 {[%emt 0:06:27]} Nd6 {[%emt 0:00:15]} 11. Na3 {[%emt 0:02:35]} Na6 {[%emt 0:01:27]} 12. Nxc4 {[%emt 0:05:51]} Nb4 {[%emt 0:00:05]} 13. Nxd6+ {[%emt 0:11:28]} Qxd6 {[%emt 0:00:13]} 14. Qd2 {[%emt 0:00:10]} b6 {[%emt 0:06:04]} 15. O-O {[%emt 0:11:49]} Ba6 {[%emt 0:00:14]} 16. Rfc1 {[%emt 0:04:27]} O-O {[%emt 0:00:43]} 17. Ne5 {[%emt 0:05:56]} Rac8 {[%emt 0:02:56]} 18. Nc4 {[%emt 0:09:55]} Bxc4 {[%emt 0:06:11]} 19. Rxc4 {[%emt 0:00:21]} c5 {[%emt 0:01:15]} 20. Qc1 {[%emt 0:00:18]} Rfd8 {[%emt 0:04:53]} 21. Bf3 {[%emt 0:01:42]} h6 {[%emt 0:05:44]} 22. Kg2 {[%emt 0:01:29]} Kf8 {[%emt 0:03:24]} 23. Ra3 {[%emt 0:03:47]} Ke7 {[%emt 0:04:04]} 24. h4 {[%emt 0:01:13]} Rc7 {[%emt 0:04:47]} 25. dxc5 {[%emt 0:01:41]} Rxc5 {[%emt 0:00:12]} 26. Rxc5 {[%emt 0:00:18]} Qxc5 {[%emt 0:00:05]} 27. Rc3 {[%emt 0:04:34]} Qe5 {[%emt 0:01:04]} 28. Rc7+ {[%emt 0:01:00]} Rd7 {[%emt 0:00:48]} 29. Rc8 {[%emt 0:00:29]} Na6 {[%emt 0:02:49]} 30. Qc4 {[%emt 0:03:28]} Nb4 {[%emt 0:06:02]} 31. b3 {[%emt 0:03:13]} g5 {[%emt 0:01:03]} 32. hxg5 {[%emt 0:02:18]} hxg5 {[%emt 0:00:03]} 33. Qc1 {[%emt 0:00:50]} Qg7 {[%emt 0:35:27]} 34. Rc4 {[%emt 0:01:50]} f5 {[%emt 0:02:28]} 35. g4 {[%emt 0:00:56]} Qf6 {[%emt 0:00:40]} 36. Qe3 {[%emt 0:00:47]} fxg4 {[%emt 0:01:11]} 37. Rxg4 {[%emt 0:00:12]} Nc2 {[%emt 0:00:28]} 38. Qxg5 {[%emt 0:00:46]} Qxg5 {[%emt 0:00:41]} 39. Rxg5 {[%emt 0:00:05]} Nd4 {[%emt 0:00:03]} 40. e3 {[%emt 0:00:00]} Kf6 {[%emt 0:00:00]} 41. Rg8 {[%emt 0:07:14]} Nxb3 {[%emt 0:04:43]} 42. Rb8 {[%emt 0:01:59]} Rd6 {[%emt 0:00:32]} 43. Be2 {[%emt 0:00:14]} Nc5 {[%emt 0:07:38]} 44. Bb5 {[%emt 0:00:22]} Ne4 {[%emt 0:00:05]} 45. f4 {[%emt 0:04:50]} Nc3 {[%emt 0:05:25]} 46. Kf3 {[%emt 0:03:38]} e5 {[%emt 0:01:03]} 47. e4 {[%emt 0:09:16]} exf4 {[%emt 0:00:14]} 48. Kxf4 {[%emt 0:00:10]} Re6 {[%emt 0:00:04]} 49. e5+ {[%emt 0:01:31]} Rxe5 {[%emt 0:00:02]} 50. Rxb6+ {[%emt 0:00:18]} 1/2-1/2

[Event "Azerbaijan Championship 2021"]
[Site "Nakhchivan"]
[Date "2021.05.04"]
[Round "1.6"]
[White "Garayev, Kanan"]
[Black "Durarbayli, Vasif"]
[Result "1/2-1/2"]
[WhiteElo "2331"]
[BlackElo "2606"]
[Annotator "TA"]
[PlyCount "80"]
[EventDate "2021.05.04"]
[EventType "tourn"]
[EventCountry "AZE"]
[SourceTitle "playchess.com"]
[Source "ChessBase"]
[SourceQuality "1"]

{[%evp 19,80,0,14,0,10,10,14,18,15,5,9,26,33,18,10,6,12,13,30,38,31,28,29,20,27,39,18,12,89,72,96,99,98,89,94,95,95,93,131,82,83,89,97,79,74,73,55,0,0,0,0,0,0,0,0,0,0,0,0,0,0,0,0]} 1. d4 Nf6 2. c4 e6 3. g3 c5 4. Nf3 cxd4 5. Nxd4 d5 6. Bg2 e5 7. Nf3 d4 8. O-O Nc6 9. e3 Be7 10. exd4 exd4 11. b4 {E01: Catalan: Early deviations.} Nxb4 12. Nxd4 Bg4 {[#]} 13. Qa4+ $146 ({Predecessor:} 13. Qd2 Rb8 14. Nc3 O-O 15. a3 Bc5 16. axb4 Bxd4 17. Ra2 Be6 18. Nd5 Nxd5 19. cxd5 Bxd5 20. Bxd5 Qxd5 21. Rxa7 {½-½ (30) Shumiakina,T (2345)-Guskova,E (2185) Elista 1995}) 13... Bd7 14. Qb3 O-O 15. Nc3 {[%cal Bb1c3,Bc3a4,Ba4b2][%mdl 32]} a5 16. a3 a4 17. Qd1 Nc6 18. Nxc6 bxc6 19. Nxa4 Qa5 {[#]} 20. Qe1 $1 Be6 21. Qxa5 Rxa5 22. Bxc6 Bxc4 {Threatens to win with ...Ra6.} 23. Re1 Bd8 (23... Be6 $11 {keeps the balance.}) 24. Nb2 $16 Rc5 25. Nxc4 {Ne5 is the strong threat.} Rxc6 26. Ne5 Rc2 {next ...Ba5 is good for Black.} 27. Be3 Bc7 28. Nf3 Nd5 29. Bd4 Ra8 30. Reb1 f6 31. Rb5 Nc3 32. Rb7 {Black must now prevent Ne1.} Bd6 33. Bxc3 (33. Kf1 $14 Na4 34. h4) 33... Rxc3 $11 {[%mdl 64] [#] Double Attack. The position is equal.} 34. Kg2 Rcxa3 35. Rxa3 (35. Rd1 {feels hotter.} R3a6 36. h4 Bf8 37. Rdd7 Rd6 38. Rdc7) 35... Bxa3 {KRB-KRN} 36. h4 Bf8 37. Rb2 Ra5 38. Re2 Kf7 39. Rb2 Ra7 40. Re2 g6 {Weighted Error Value: White=0.05/Black=0.09} 1/2-1/2

[Event "Azerbaijan Championship 2021"]
[Site "Nakhchivan"]
[Date "2021.05.05"]
[Round "2.1"]
[White "Safarli, Eltaj"]
[Black "Garayev, Kanan"]
[Result "1/2-1/2"]
[WhiteElo "2598"]
[BlackElo "2331"]
[Annotator "ChessBase"]
[PlyCount "90"]
[EventDate "2021.05.04"]
[EventType "tourn"]
[EventCountry "AZE"]
[SourceTitle "playchess.com"]
[Source "ChessBase"]
[SourceQuality "1"]
[TimeControl "40/5400+30:1800+30"]

1. e4 {[%emt 0:00:00]} e6 {[%emt 0:00:07]} 2. d4 {[%emt 0:00:00]} d5 {[%emt 0:00:05]} 3. Nd2 {[%emt 0:00:00]} c5 {[%emt 0:00:25]} 4. exd5 {[%emt 0:00:21]} Qxd5 {[%emt 0:00:09]} 5. Ngf3 {[%emt 0:00:15]} cxd4 {[%emt 0:00:06]} 6. Bc4 {[%emt 0:00:04]} Qd7 {[%emt 0:00:08]} 7. O-O {[%emt 0:00:29]} Nc6 {[%emt 0:00:21]} 8. Nb3 {[%emt 0:00:05]} a6 {[%emt 0:01:03]} 9. Nbxd4 {[%emt 0:00:57]} Nxd4 {[%emt 0:00:09]} 10. Qxd4 {[%emt 0:00:10]} Qxd4 {[%emt 0:03:29]} 11. Nxd4 {[%emt 0:00:14]} Nf6 {[%emt 0:08:32]} 12. Be2 {[%emt 0:05:23]} e5 {[%emt 0:07:56]} 13. Nb3 {[%emt 0:10:02]} Bf5 {[%emt 0:15:15]} 14. Na5 {[%emt 0:03:53]} O-O-O {[%emt 0:10:44]} 15. Nc4 {[%emt 0:01:42]} Bc5 {[%emt 0:12:39]} 16. Bg5 {[%emt 0:18:17]} Rhe8 {[%emt 0:02:48]} 17. Rad1 {[%emt 0:09:42]} Rxd1 {[%emt 0:01:46]} 18. Rxd1 {[%emt 0:00:21]} Ne4 {[%emt 0:02:17]} 19. Be3 {[%emt 0:11:04]} Bxe3 {[%emt 0:01:15]} 20. Nxe3 {[%emt 0:00:06]} Be6 {[%emt 0:01:15]} 21. Bd3 {[%emt 0:05:00]} Nc5 {[%emt 0:04:37]} 22. Nf5 {[%emt 0:03:44]} Bxf5 {[%emt 0:01:03]} 23. Bxf5+ {[%emt 0:00:16]} Kc7 {[%emt 0:00:06]} 24. b4 {[%emt 0:06:10]} Ne6 {[%emt 0:00:09]} 25. c3 {[%emt 0:00:18]} g6 {[%emt 0:01:42]} 26. Bc2 {[%emt 0:00:18]} Rd8 {[%emt 0:04:43]} 27. Rxd8 {[%emt 0:00:49]} Nxd8 {[%emt 0:01:24]} 28. f3 {[%emt 0:01:07]} Kd6 {[%emt 0:02:19]} 29. Kf2 {[%emt 0:00:38]} Ne6 {[%emt 0:01:41]} 30. Ke3 {[%emt 0:03:36]} f5 {[%emt 0:02:21]} 31. g4 {[%emt 0:03:57]} fxg4 {[%emt 0:07:09]} 32. fxg4 {[%emt 0:00:04]} Nf4 {[%emt 0:00:46]} 33. c4 {[%emt 0:01:20]} b6 {[%emt 0:00:38]} 34. Be4 {[%emt 0:00:24]} Ne6 {[%emt 0:01:23]} 35. Bb7 {[%emt 0:06:08]} Nd4 {[%emt 0:01:40]} 36. c5+ {[%emt 0:05:09]} bxc5 {[%emt 0:01:09]} 37. bxc5+ {[%emt 0:00:02]} Kxc5 {[%emt 0:00:02]} 38. Ke4 {[%emt 0:02:56]} h5 {[%emt 0:02:03]} 39. h3 {[%emt 0:03:52]} Kd6 {[%emt 0:02:48]} 40. Bxa6 {[%emt 0:00:00]} hxg4 {[%emt 0:00:00]} 41. hxg4 {[%emt 0:01:57]} Ne6 {[%emt 0:03:59]} 42. Bb5 {[%emt 0:02:50]} Nc5+ {[%emt 0:04:01]} 43. Kf3 {[%emt 0:03:19]} Kc7 {[%emt 0:05:07]} 44. g5 {[%emt 0:07:53]} Ne6 {[%emt 0:00:42]} 45. Kg4 {[%emt 0:00:04]} e4 {[%emt 0:00:51]} 1/2-1/2

[Event "Azerbaijan Championship 2021"]
[Site "Nakhchivan"]
[Date "2021.05.05"]
[Round "2.2"]
[White "Muradli, Mahammad"]
[Black "Iskandarov, Misratdin"]
[Result "1/2-1/2"]
[WhiteElo "2449"]
[BlackElo "2535"]
[Annotator "ChessBase"]
[PlyCount "161"]
[EventDate "2021.05.04"]
[EventType "tourn"]
[EventCountry "AZE"]
[SourceTitle "playchess.com"]
[Source "ChessBase"]
[SourceQuality "1"]
[TimeControl "40/5400+30:1800+30"]

1. d4 {[%emt 0:02:44]} Nf6 {[%emt 0:00:00]} 2. c4 {[%emt 0:00:10]} g6 {[%emt 0:00:00]} 3. Nc3 {[%emt 0:00:06]} Bg7 {[%emt 0:00:00]} 4. e4 {[%emt 0:00:05]} d6 {[%emt 0:00:00]} 5. Be2 {[%emt 0:00:04]} O-O {[%emt 0:00:09]} 6. Be3 {[%emt 0:00:03]} e5 {[%emt 0:02:40]} 7. d5 {[%emt 0:00:27]} Na6 {[%emt 0:00:07]} 8. g4 {[%emt 0:00:08]} Nc5 {[%emt 0:00:10]} 9. f3 {[%emt 0:00:06]} h5 {[%emt 0:00:06]} 10. h4 {[%emt 0:09:23]} hxg4 {[%emt 0:01:35]} 11. b4 {[%emt 0:00:36]} gxf3 {[%emt 0:01:08]} 12. Bxf3 {[%emt 0:00:14]} Ncxe4 {[%emt 0:01:15]} 13. Nxe4 {[%emt 0:00:07]} Nxe4 {[%emt 0:00:06]} 14. Bxe4 {[%emt 0:00:05]} f5 {[%emt 0:00:05]} 15. Bg5 {[%emt 0:05:58]} Bf6 {[%emt 0:04:29]} 16. Bxf6 {[%emt 0:03:48]} Qxf6 {[%emt 0:00:08]} 17. Bc2 {[%emt 0:00:47]} e4 {[%emt 0:02:56]} 18. Ne2 {[%emt 0:05:48]} f4 {[%emt 0:02:02]} 19. Qd4 {[%emt 0:19:36]} f3 {[%emt 0:02:09]} 20. Qxf6 {[%emt 0:00:04]} Rxf6 {[%emt 0:00:05]} 21. Ng3 {[%emt 0:24:53]} e3 {[%emt 0:05:21]} 22. Nf1 {[%emt 0:00:30]} f2+ {[%emt 0:06:53]} 23. Ke2 {[%emt 0:00:16]} Bg4+ {[%emt 0:00:08]} 24. Kxe3 {[%emt 0:00:07]} Re8+ {[%emt 0:00:04]} 25. Kd4 {[%emt 0:00:07]} Rf4+ {[%emt 0:16:48]} 26. Kc3 {[%emt 0:00:54]} Re1 {[%emt 0:05:28]} 27. Nh2 {[%emt 0:04:09]} Rxh1 {[%emt 0:17:19]} 28. Rxh1 {[%emt 0:00:52]} Bh5 {[%emt 0:00:56]} 29. Rc1 {[%emt 0:07:56]} Rxh4 {[%emt 0:01:05]} 30. Nf1 {[%emt 0:00:00]} Be2 {[%emt 0:06:33]} 31. Kd2 {[%emt 0:01:50]} Bxc4 {[%emt 0:00:21]} 32. a3 {[%emt 0:04:07]} g5 {[%emt 0:07:07]} 33. Bd3 {[%emt 0:02:41]} Bxd5 {[%emt 0:02:33]} 34. Rxc7 {[%emt 0:00:01]} Rh3 {[%emt 0:05:41]} 35. Ke2 {[%emt 0:02:09]} Kf8 {[%emt 0:05:42]} 36. Ne3 {[%emt 0:00:33]} Be4 {[%emt 0:01:01]} 37. Rc3 {[%emt 0:02:06]} Rf3 {[%emt 0:01:27]} 38. Rc1 {[%emt 0:01:03]} d5 {[%emt 0:03:47]} 39. Bxe4 {[%emt 0:03:59]} dxe4 {[%emt 0:00:02]} 40. Ng4 {[%emt 0:00:00]} Rxa3 {[%emt 0:00:00]} 41. Nxf2 {[%emt 0:02:23]} Ra4 {[%emt 0:05:09]} 42. Rc8+ {[%emt 0:02:26]} Ke7 {[%emt 0:00:06]} 43. Rc7+ {[%emt 0:00:04]} Kd6 {[%emt 0:00:07]} 44. Rxb7 {[%emt 0:00:04]} Kc6 {[%emt 0:00:54]} 45. Rb8 {[%emt 0:00:02]} Kc7 {[%emt 0:00:06]} 46. Rb5 {[%emt 0:00:05]} Kc6 {[%emt 0:00:18]} 47. Rxg5 {[%emt 0:00:07]} Rxb4 {[%emt 0:00:04]} 48. Ke3 {[%emt 0:00:07]} Rb5 {[%emt 0:05:39]} 49. Rg7 {[%emt 0:00:13]} Rb3+ {[%emt 0:01:32]} 50. Kxe4 {[%emt 0:00:14]} a5 {[%emt 0:00:04]} 51. Nd3 {[%emt 0:00:23]} a4 {[%emt 0:00:32]} 52. Kd4 {[%emt 0:00:04]} Rb1 {[%emt 0:01:23]} 53. Kc4 {[%emt 0:00:26]} Rh1 {[%emt 0:00:53]} 54. Rg6+ {[%emt 0:00:20]} Kc7 {[%emt 0:00:07]} 55. Nc5 {[%emt 0:00:47]} a3 {[%emt 0:00:21]} 56. Ra6 {[%emt 0:00:17]} Rc1+ {[%emt 0:00:19]} 57. Kb4 {[%emt 0:00:07]} Rb1+ {[%emt 0:00:50]} 58. Nb3 {[%emt 0:00:02]} a2 {[%emt 0:00:27]} 59. Rxa2 {[%emt 0:00:02]} Kd6 {[%emt 0:00:07]} 60. Ra5 {[%emt 0:00:08]} Rh1 {[%emt 0:00:19]} 61. Kc4 {[%emt 0:00:05]} Rg1 {[%emt 0:00:35]} 62. Rd5+ {[%emt 0:00:09]} Ke7 {[%emt 0:00:18]} 63. Nc5 {[%emt 0:00:37]} Rc1+ {[%emt 0:00:14]} 64. Kb5 {[%emt 0:00:13]} Rb1+ {[%emt 0:00:44]} 65. Kc6 {[%emt 0:00:02]} Rc1 {[%emt 0:00:10]} 66. Rf5 {[%emt 0:00:08]} Rc2 {[%emt 0:00:15]} 67. Kd5 {[%emt 0:00:10]} Rd2+ {[%emt 0:00:09]} 68. Ke5 {[%emt 0:00:01]} Re2+ {[%emt 0:00:08]} 69. Ne4 {[%emt 0:00:05]} Ra2 {[%emt 0:00:12]} 70. Nc3 {[%emt 0:00:06]} Ra1 {[%emt 0:00:13]} 71. Nd5+ {[%emt 0:00:10]} Kd7 {[%emt 0:00:06]} 72. Rf7+ {[%emt 0:00:11]} Kc6 {[%emt 0:00:07]} 73. Rc7+ {[%emt 0:00:01]} Kb5 {[%emt 0:00:06]} 74. Rc8 {[%emt 0:00:16]} Rh1 {[%emt 0:00:13]} 75. Nc3+ {[%emt 0:00:19]} Kb6 {[%emt 0:00:39]} 76. Ne4 {[%emt 0:01:01]} Rh5+ {[%emt 0:00:12]} 77. Kd4 {[%emt 0:00:08]} Rh4 {[%emt 0:00:05]} 78. Rc1 {[%emt 0:00:16]} Kb5 {[%emt 0:00:13]} 79. Rc5+ {[%emt 0:00:22]} Kb6 {[%emt 0:00:05]} 80. Rc4 {[%emt 0:00:04]} Kb5 {[%emt 0:00:05]} 81. Rc5+ {[%emt 0:00:04]} 1/2-1/2